000 00972cam a2200313M 4500
001 97325
005 20230411090056.0
008 080314s2007 sp 000 0 spa d
035 _a(OCoLC)ocn433494067
040 _aBNM
_erdc
_bspa
_cBNM
015 _aMON0806
017 _aB 22114-2007
020 _a9788493237868
020 _a8493237868
035 _a(OCoLC)433494067
080 _a342.7(091)
049 _aGRAL
100 1 _aCardona Castro, Francisco Lluís
_d1940-
245 1 0 _aDerechos humanos, ayer y hoy
_b: el reconocimiento de los derechos humanos desde la Antiguedad hasta la actualidad
_cFrancesc Lluís Cardona Castro.
250 _a2a. ed.
260 _aBarcelona
_bAsociación para las Naciones Unidas en Espaäna
_c2007.
300 _a93 p.
_c25 cm.
500 _aIncluye anexo legislativo.
504 _aBibliografía: p. 91-93.
650 7 _aDerechos humanos
_vHistoria.
942 _2lcc
_cbk
994 _aC0
_bDRFGD
946 _aJP
999 _c112052
_d112052